| 000 | 00883nam a2200229 i 4500 | ||
|---|---|---|---|
| 001 | 16425 | ||
| 003 | ES-MaACL | ||
| 005 | 20231226135800.0 | ||
| 007 | t| | ||
| 008 | 000919s1985 sp ||||1| spa d | ||
| 080 | _a929 Gayangos, Pascual de | ||
| 080 | _a929 Gayangos de Riaño, Emilia | ||
| 100 | 1 |
_aCalderón Quijano, José Antonio. _933626 |
|
| 245 | 1 | 0 |
_aCorrespondencia de don Pascual de Gayangos y de su hija Emilia G. de Riaño en el Museo Británico / _cJosé Antonio Calderón Quijano. |
| 260 |
_aMadrid : _b[s.n.], _c1985. |
||
| 300 |
_app. 218-306 : _bil. ; _c24 cm. |
||
| 500 | _aPublicado en el "Boletín de la Real Academia de La Historia". Tomo CLXXXII, cuaderno II, pags. 217 a 308. | ||
| 600 | 1 | 4 |
_aGayangos, Pascual de, _d1809-1897 _956138 |
| 600 | 1 | 4 |
_aGayangos de Riaño, Emilia. _956139 |
| 852 |
_aES-MaACL _jG-2154 _bR.113545 |
||
| 999 |
_c16425 _d16425 |
||